000
00297nam a2200121Ia 4500
005
20250603145434.0
008
250603s9999 xx 000 0 und d
050
_a
KP 42 .N5/
100
_a
Nigerian Weekly Law Report
245
0
_a
Nigerian weekly law report (NWLR)
260
_c
1988
942
_c
BK
999
_c
41863
_d
41863